| 000 | 01520nab a22002657a 4500 | ||
|---|---|---|---|
| 999 |
_c5303 _d5303 |
||
| 003 | OSt | ||
| 005 | 20250217204201.0 | ||
| 008 | 190603e xxum|||| |||| 00| 0 spa d | ||
| 040 | _cPJ-TDF | ||
| 100 |
_95371 _aMendoza, Elena |
||
| 245 | 1 | 3 |
_aLa entrega directa de niñas y niños y la prohibición del art. 611 del Cód. Civ. y Com. Los tiempos de la justicia y la tutela judicial efectiva / _cElena Mendoza. |
| 260 |
_cCiudad Autónoma de Buenos Aires : _aThomson Reuters La Ley, _b2023. |
||
| 300 | _ap. 144-148 | ||
| 500 | _aCita: TR LALEY AR/DOC/2038/2023. | ||
| 505 | _aSumario: I. Reseña del fallo.— II. Interés superior del niño. Fundamento de la sentencia de la Corte Suprema de Justicia. La entrega directa de niñas y niños. Prohibición del art. 611 del Cód. Civ. y Com.— III. Derechos de niñas, niños y adolescentes. Los plazos de los tribunales y la tutela judicial efectiva. | ||
| 505 | _tFallo comentado: CNCiv., sala C ~ 14/02/2023 ~ C. M. B. y otro c. B. N. E. y otro s/ alimentos. | ||
| 505 | _t¿Te interesa el texto completo? Solicitalo al correo: koha@justierradelfuego.gov.ar | ||
| 650 | 0 |
_9967 _aDERECHO DE FAMILIA |
|
| 650 | 0 |
_9974 _aADOPCIÓN |
|
| 650 | 0 |
_94097 _aINTERES SUPERIOR DEL NIÑO |
|
| 650 | 0 |
_aTUTELA JUDICIAL EFECTIVA _93637 |
|
| 650 | 0 |
_aDERECHOS DE LAS NIÑAS, NIÑOS Y ADOLESCENTES _92741 |
|
| 773 | 0 |
_02713 _93170 _dCiudad Autónoma de Buenos Aires : Thomson Reuters La Ley, 2015- _tRevista Código Civil y Comercial. Nº 5 - Octubre 2023 |
|
| 942 |
_2udc _cANA |
||